000 nam a22 7a 4500
999 _c7639
_d7639
008 170923b xxu||||| |||| 00| 0 eng d
100 _94135
_aBhusan.B
245 _aLaboratory Manual Chemistry-XI
260 _aNew Delhi
_bArya Publications
_c2009